El verano termina bajo los tilos
Guardat en:
| Autor principal: | |
|---|---|
| Format: | Llibre |
| Idioma: | espanyol |
| Publicat: |
Santiago
Zig-zag
1967
|
| Col·lecció: | Narradores Europeos
|
| Matèries: | |
| Etiquetes: |
Afegir etiqueta
Sense etiquetes, Sigues el primer a etiquetar aquest registre!
|
MARC
| LEADER | 00000nam a2200000 a 4500 | ||
|---|---|---|---|
| 001 | UCU3480 | ||
| 003 | CL-VaPUC | ||
| 008 | 960510e19670000CL |||||||||||||||||spa|d | ||
| 082 | 0 | 4 | |a 843 |b HAE |2 21 |
| 100 | |a Haedens, Kléber |e author |9 360431 | ||
| 245 | 1 | 3 | |a El verano termina bajo los tilos |
| 300 | |a 191 p | ||
| 942 | |c BK | ||
| 945 | |d 19960510 00:00:00 |a mcarcey | ||
| 260 | |a Santiago |b Zig-zag |c 1967 | ||
| 650 | 0 | |a Novela francesa |9 264985 | |
| 583 | |a last modification |c 20160520 16:16:28 |k Rodrigo Vera | ||
| 490 | 0 | |a Narradores Europeos | |
| 999 | |c 247476 |d 247474 | ||
| 952 | |0 0 |1 0 |4 0 |6 843_000000000000000_HAE_1967 |7 0 |8 A |9 263422 |a BIBEDU |b BIBEDU |d 2019-11-19 |i 3197956 |o 843 HAE 1967 |p 3197956 |r 2019-11-19 |w 2019-11-19 |y BK |k LIT | ||